On This Day (August 8th) Multiple Choice - Statistics

General Stats
  • This quiz has been taken 8 times
  • The average score is 6 of 15
Answer Stats
Question Answer % Correct
1969 – At a zebra crossing in London, photographer Iain Macmillan takes the iconic photo that becomes the cover image of which Beatles' album ? Abbey Road
100%
1786 – Which European mountain is climbed for the first time by Jacques Balmat and Dr. Michel-Gabriel Paccard ? Mont Blanc
80%
1991 – A radio mast, at one time the tallest construction ever built, collapses in which European city ? Warsaw
80%
2000 – Confederate submarine "H.L. Hunley" is raised to the surface after how many years on the ocean floor ? 136
60%
1908 – Wilbur Wright makes his first public flight at a racecourse in which city ? Le Mans, France
60%
1503 – King James IV of Scotland marries Margaret Tudor, daughter of King Henry VII of England at Holyrood Abbey in which city ? Edinburgh
40%
1929 – A German airship going by which name begins a round-the-world flight ? Graf Zeppelin
40%
1220 – Sweden is defeated by tribes from which country in the Battle of Lihula ? Estonia
20%
1963 – Great Train Robbery: In England, a gang of 15 train robbers steal £2.6 million in bank notes from a train heading to London from where ? Glasgow
20%
1576 – The cornerstone for Tycho Brahe's Uraniborg observatory is laid on which Scandinavian island ? Hven
20%
1945 – The London Charter is signed by France, the United Kingdom, the Soviet Union and the United States, establishing the laws and procedures for what ? Nuremberg Trials
20%
1876 – Thomas Edison receives a patent for his mimeograph. What does it do ? Prints using stencils
20%
1844 – The Quorum of the Twelve Apostles is reaffirmed as the leading body of which church ? The Church of Jesus Christ of Latter-day Saints
20%
1988 – The first night baseball game in the history of which park ? Wrigley Field
20%
1794 – Joseph Whidbey leads an expedition to search for the Northwest Passage starting near which city ? Juneau, Alaska
0%
No matching quizzes found
Score Distribution
Percent of People with Each Score
Percentile by Number Answered
Your Score History
You have not taken this quiz